00693nam 2200217u 4500001000800000005001700008008004100025035002100066906004500087010001700132040001900149043001200168050001600180100005600196245002000252260002900272300002600301651006300327991005400390099003100444655525000000000000000.0821206s1954 paua 000 0 eng  9(DLC) 60039975 a0bcbccpremunvduencipf19gy-gencatlg a 60039975  aDLCcCarPdDLC an-us-pa00aF159.L2bR41 aReninger, Marion Wallace,d1886- [from old catalog]00aOrange Street.  a[Lancaster, Pa.,cc1954] a82 p.billus.c24 cm. 0aLancaster, Pa.xStreetsxOrange Street. [from old catalog] bc-GenCollhF159.L2iR4p00053086962tCopy 1wPREM areninger-orange-1074963072